[Event "Olympiad-23"]
[Site "Buenos Aires"]
[Date "1978.11.01"]
[Round "7"]
[White "Ermenkov, Evgenij"]
[Black "Polugaevsky, Lev"]
[Result "0-1"]
[WhiteElo "2520"]
[BlackElo "2620"]
[Annotator "Minic/Sindik"]
[PlyCount "72"]
[EventDate "1978.10.25"]
[EventType "team-swiss"]
[EventRounds "14"]
[EventCountry "ARG"]
[SourceTitle "EXT 2002"]
[Source "ChessBase"]
[SourceDate "2001.11.25"]
[SourceVersion "1"]
[SourceVersionDate "2001.11.25"]
[SourceQuality "1"]
[WhiteTeam "Bulgaria"]
[BlackTeam "Soviet Union"]
[WhiteTeamCountry "BUL"]
[BlackTeamCountry "URS"]

{Inf.27/423} 1. e4 c5 2. Nf3 d6 3. d4 cxd4 4. Nxd4 Nf6 5. Nc3 a6 6. Be3 e6 7.
g4 h6 8. Qf3 Nbd7 9. Qh3 {[/\ g5]} e5 $1 10. Nf5 $2 (10. Nb3 b5 (10... Nb6 $5)
11. f3 Bb7 $15) 10... g6 11. Ng3 (11. Nxh6 Bxh6 12. Bxh6 Nc5 $1 13. Qh4 Bxg4
$19) 11... Nb6 $1 12. Be2 h5 $17 13. Qh4 Be7 14. g5 Nh7 15. O-O-O Nxg5 16. Bxb6
Qxb6 17. Nd5 Qd8 18. Nf1 Nh3 $19 19. Qg3 Bh4 20. Qc3 O-O 21. Nfe3 Nxf2 22. Nc4
Be6 23. Ncb6 Qg5+ 24. Kb1 Nxh1 25. Rxh1 (25. Nxa8 Nf2 $19) 25... Rab8 26. Qf3
Qg4 27. Qd3 Qh3 28. Qd1 Bd8 29. Nc4 Bxd5 30. Qxd5 Qg2 31. Re1 b5 32. Nxd6 Qf2
33. Qd1 Qd4 34. Rg1 Qxd1+ 35. Bxd1 Bb6 36. Rf1 Rbd8 0-1

[Event "Rzeszow 16th"]
[Site "Rzeszow"]
[Date "1984.10.02"]
[Round "2"]
[White "Hawelko, Marek"]
[Black "Moehring, Guenther"]
[Result "1-0"]
[WhiteElo "2410"]
[BlackElo "2395"]
[Annotator "Moehring,G"]
[PlyCount "80"]
[EventDate "1984.10.01"]
[EventType "tourn"]
[EventRounds "11"]
[EventCountry "POL"]
[EventCategory "4"]
[SourceTitle "EXT 2015"]
[Source "ChessBase"]
[SourceDate "2014.11.20"]
[SourceVersion "1"]
[SourceVersionDate "2014.11.20"]
[SourceQuality "1"]

1. e4 c5 2. Nf3 e6 3. d4 cxd4 4. Nxd4 Nf6 5. Nc3 d6 6. g4 h6 7. h4 d5 8. exd5
Nxd5 9. Bb5+ Bd7 10. Nxd5 exd5 11. Qe2+ Qe7 12. Be3 (12. Bxd7+ Kxd7 (12... Nxd7
13. Be3 $16) 13. Be3 Nc6 14. Qb5 Qb4+ 15. Qxb4 Bxb4+ 16. c3 Bc5 17. O-O-O $16)
12... Nc6 13. O-O-O g6 14. Rhe1 (14. Rde1 Bg7 15. Qd2 O-O 16. Bxh6 Bxh6 17.
Qxh6 Qf6 $13) 14... Bg7 15. Qd2 O-O 16. Bxh6 Qxh4 (16... Bxh6 17. Qxh6 Qf6 18.
h5 $1 $16) 17. Bxg7 Kxg7 18. Bxc6 bxc6 19. Rh1 Qxg4 20. Rdg1 (20. Qh6+ Kf6 21.
Rhg1 $1 Rh8 22. Qe3 $16) 20... Rh8 $1 21. f3 Rxh1 22. Rxh1 Rh8 23. Re1 Qh4 24.
Qc3 Qf4+ 25. Kb1 Qf6 26. a4 Rh4 27. Rd1 Kh7 28. Qc5 a5 29. c3 Rh2 30. Re1 Kg7
31. Re7 Bf5+ 32. Ka2 Qg5 33. Nb3 (33. Re8 $13) 33... Qg2 34. Qa3 Qc2 35. Nxa5
c5 (35... Qb1+ 36. Kb3 c5 $1 $19) 36. Qb3 Qb1+ 37. Ka3 Be6 38. c4 dxc4 39. Qc3+
Kf8 40. Nxc4 Kxe7 {time  2:29-2:30} 1-0

[Event "October Revolution 60years"]
[Site "Leningrad"]
[Date "1977.07.11"]
[Round "13"]
[White "Smyslov, Vassily V"]
[Black "Vogt, Lothar"]
[Result "1-0"]
[WhiteElo "2595"]
[BlackElo "2495"]
[Annotator "Moiseev,V"]
[PlyCount "80"]
[EventDate "1977.06.25"]
[EventType "tourn"]
[EventRounds "17"]
[EventCountry "URS"]
[EventCategory "13"]
[SourceTitle "MCL"]
[Source "ChessBase"]
[SourceDate "1999.07.01"]
[SourceVersion "1"]
[SourceVersionDate "1999.07.01"]
[SourceQuality "1"]

1. e4 c5 2. Nf3 e6 3. d4 cxd4 4. Nxd4 Nf6 5. Nc3 d6 6. g4 a6 7. g5 Nfd7 8. Be3
(8. Bg2) 8... b5 9. a4 $6 (9. a3 $1 Nb6 (9... Bb7 10. Qd2 Nc5 11. f3 Be7 12.
O-O-O Nc6 13. Nxc6 Bxc6 14. h4 Qb8 15. Bd4 $36 {Marjanovic,S-Cetkovic,M/JUG/
1983/1:0 (54) Inf 35/304/}) 10. Rg1 (10. h4 Bb7 11. h5 N8d7 12. g6 $1 $40 {
Adams,M-Hansen,Cu/Wijk aan Zee/1991/1:0/ (35) Inf 51/224/}) 10... N8d7 11. h4
Bb7 12. h5 g6 13. Rh1 Rg8 14. hxg6 hxg6 15. Rh7 $14 {Hulak,K-Cvetkovic,Sr/JUG/
1976/1:0 (30) Inf 22/497/}) 9... b4 (9... bxa4 $5) 10. Na2 Bb7 11. Bg2 Nc5 12.
Nxb4 Nxe4 $2 (12... Bxe4 13. Bxe4 Nxe4 14. Qg4 d5 $10) 13. Qg4 d5 14. Nd3 $14
Be7 15. h4 Nd7 16. O-O O-O 17. Rfd1 Rc8 18. c3 (18. Nxe6 fxe6 19. Qxe6+ Kh8 20.
Bxe4 dxe4 21. Ne5 Nxe5 $1 22. Rxd8 Nf3+ 23. Kh1 Bxd8 $17 {Smyslov,V}) 18... Re8
19. a5 Nd6 $6 (19... Bf8 $5) 20. f4 Nc4 21. Bf2 Nxa5 22. h5 (22. Nxe6 fxe6 23.
Rxa5 Bd6 $1 $13 (23... Qxa5 24. Qxe6+ Kh8 25. Qxd7 $44)) 22... Nc6 23. g6 $16
Bf6 $6 (23... f5 24. gxh7+ Kh8 25. Qg6 Nxd4 (25... Nf8 26. Qf7 $18) 26. Bxd4
Bf6 27. Ne5 Nxe5 28. fxe5 Bg5 29. Bf1 $16) 24. gxf7+ Kxf7 25. Nxe6 $1 Rxe6 26.
Bxd5 Qe7 27. f5 $18 Nde5 28. Qe4 $1 Kg8 29. Nc5 (29. Bxe6+ Kh8 30. Bxc8 Bxc8
31. Nxe5 Nxe5 32. Qa8 $18) 29... Kh8 30. Bxe6 Rb8 31. Nxb7 Qxb7 32. b4 h6 33.
Kg2 Re8 34. Bg3 Nf7 35. Bf4 Nfd8 36. Rd6 $1 (36. Rac1 $6 Nxe6 37. fxe6 Rxe6 $16
) 36... Bxc3 37. Rc1 Bxb4 38. Rdxc6 Nxc6 39. Qxc6 Qe7 40. Qd7 Qf8 1-0

[Event "USA-ch U16"]
[Site "Saint Louis"]
[Date "2015.07.08"]
[Round "2"]
[White "Shen, Arthur"]
[Black "Li, Ruifeng"]
[Result "1-0"]
[WhiteElo "2339"]
[BlackElo "2394"]
[Annotator "Molner,M"]
[PlyCount "91"]
[EventDate "2015.07.07"]
[EventType "tourn"]
[EventRounds "9"]
[EventCountry "USA"]
[EventCategory "6"]
[SourceTitle "CBM 167 Extra"]
[Source "ChessBase"]
[SourceDate "2015.09.14"]
[SourceVersion "1"]
[SourceVersionDate "2015.09.14"]
[SourceQuality "1"]
[WhiteClock "0:48:10"]
[BlackClock "0:55:20"]

1. e4 c5 2. Nf3 d6 3. d4 cxd4 4. Nxd4 Nf6 5. Nc3 a6 6. h3 {An aggressive
variation that is gaining in popularity. White is preparing a quick kingside
advance} e6 (6... e5 7. Nb3 h5 {This is also a very popular way for Black to
meet White's 6th move}) 7. g4 Nfd7 8. g5 b5 9. a3 Bb7 10. Be3 Be7 11. h4 Nc6
12. Qd2 Nde5 {This knight maneuver is very common in the Najdorf. Often times
when the knight arrives on this square, it is with devastating effect. The
downside of this maneuver is that it is quite time consuming.} 13. Be2 O-O 14.
f4 {Li faces a critical decision about how to relocate his most powerful piece.
Li chose 14. Nc4 which proved not to make the most of all the moves already
invested with that knight.} Nc4 {'?'} (14... Nxd4 $1 15. Bxd4 Nc6 16. Be3 {
Both sides have chances in this sharp position}) 15. Bxc4 {'!' Due to all of
the time lost with the knight before the exchange, and Black's lack of
flexibility to pawn storm, White had an ideal attacking situation. 14. Nxd4
was needed in order to maintain Black's fair share of counter-chances.} bxc4
16. O-O-O Rb8 17. h5 Qa5 18. Rdg1 Nxd4 19. Bxd4 e5 20. Ba7 Ra8 21. Be3 d5 {
As a Najdorf player myself, I can commiserate with the intimidating pawn storm
that Li was facing in this position. In these situations, Black needs to be
very precise, while White usually has a series of automatic moves, just
pushing pawns until Black's king is completely exposed. There is a natural
tendency for Black to lash out, hoping for counterplay before getting
checkmated. This is precisely what happened with Black's current move..
Unfortunately, Black's lashing out only worsens Li's position. Black needed to
play 21... exf4 in order to contain White's pawn storm, although Li would
still be in a difficult position.} (21... exf4 $1) 22. exd5 (22. g6 $1 {
White has a nearly unstoppable attack}) 22... Rad8 23. fxe5 Bxd5 24. Nxd5 Qxd5
25. Qc3 Qe4 26. h6 {'!'} Rd5 27. e6 {'!' A strong move clearing the path to g7.
All defenses are ready to be broken down. Black's only chance to defend is to
sacrifice material in order to shed White's attack.} Qe5 28. hxg7 Rfd8 (28...
Qxg7 29. exf7+ Kxf7 30. Qxc4 $18) (28... Kxg7 29. Qxe5+ Rxe5 30. Bd4 $18) 29.
exf7+ Kxf7 30. Qxe5 Rxe5 31. Bd2 Red5 32. Rxh7 Rxd2 33. g8=Q+ Kxg8 34. Rxe7 {
From here on out, Shen displays excellent technique.} Rh2 35. Rc7 {'!'
Combining attack and defense. Black's only counterplay is based on an attack
on the second rank. With 35. Rc7 Black is forced to make one of the rooks a
passive defender. The remainder of the game is a good illustration of how to
build up advantages while preventing counterplay.} Rh4 36. Kb1 Rd6 37. g6 Rd8
38. g7 a5 39. Ka2 a4 40. Rg5 Rb8 41. Rgc5 Rd8 42. Rxc4 Rb8 {'!?' A nice
practical move from Li.} 43. Rc8+ (43. Rxh4 $4 {The only way that White could
go wrong} Rxb2+ $3 44. Ka1 (44. Kxb2 {Stalemate}) 44... Rb1+ 45. Ka2 Rb2+ {
With a surprising perpetual check}) 43... Rxc8 44. Rxh4 Kxg7 45. Rxa4 Rxc2 46.
Rf4 {Here Black resigned because White's pawns are unstoppable. A strong and
very convincing performance from Arthur Shen!} 1-0

[Event "Moscow Aeroflot op-A 15th"]
[Site "Moscow"]
[Date "2016.03.03"]
[Round "3"]
[White "Demchenko, Anton"]
[Black "Gelfand, Boris"]
[Result "0-1"]
[WhiteElo "2583"]
[BlackElo "2735"]
[Annotator "Moradiabadi,E"]
[PlyCount "94"]
[EventDate "2016.03.01"]
[EventType "swiss"]
[EventRounds "9"]
[EventCountry "RUS"]
[SourceTitle "CBM 171"]
[Source "ChessBase"]
[SourceDate "2016.03.14"]
[SourceVersion "2"]
[SourceVersionDate "2016.03.14"]
[SourceQuality "1"]

1. e4 c5 2. Nf3 d6 3. d4 cxd4 4. Nxd4 Nf6 5. Nc3 a6 6. h3 {Fashionable. I
remember when I was in my early 20s, 6.Be3 was the predominent continuation.
What has remained the same since then is the fact that regardless of what is
the most fashionable continuation, Gelfand is still one of the leaders in
Najdorf theory!} e6 {This time, Gelfand adapts a "Scheveningen" type position.}
(6... e5 7. Nde2 h5 8. g3 {is considered the main line. In fact, Gelfand
himself drew two games against Bukavshin and Swiercz.} b5 9. Nd5 Nbd7 10. Nec3
Bb7 11. Bg5 Rc8 12. Bg2 Be7 13. Nxe7 Qxe7 14. a3 (14. h4 b4 15. Nd5 Bxd5 16.
exd5 e4 {1/2-1/2 (40) Swiercz,D (2620)-Gelfand,B (2741) Skopje 2015}) 14... Qe6
15. Qe2 d5 {1/2-1/2 (53) Bukavshin,I (2657)-Gelfand,B (2731) Moscow 2015}) 7.
g4 Be7 8. g5 Nfd7 9. h4 b5 {The most principled and popular. Black is planning
to push white's knight back with b4. In the mean time he will have his bishop
on b7 which will exert pressure on white's central pawn on e4.} (9... Nc6 10.
Be3 Rb8 11. Rg1 Nxd4 12. Qxd4 Ne5 13. O-O-O O-O {Is another double-edged
possibility. ½-½ (41) Anand,V (2803)-Salem,A (2624) Berlin 2015}) 10. a3 Bb7
11. Be3 Nc6 12. Qd2 {Both parties are developing their pieces in the most
accurate way. There have been many games in this position!} Rc8 {The most
principled. Gelfand is a classical player with a great sense for Sicillian.
Here his rook on c8 will have an eye on thematic exchange sacrifice on c3.} 13.
Rh3 {[#] Flamboyant. Nxc6 is the move which has been played more than a dozen
of times.White tries to get his rook out of a8-h1 diagonal's X-ray and covers
f3 square to avoid tactical blows if black knight lands on e5. Nevertheless,
the rest of the game shows that this was merely a home preparation by
Demchenko. He must have relied on the beautiful victory of Areshchenko in this
line.} b4 $146 {Another alternative could be the knight's move with the idea
of occupying the c4 square.} (13... O-O 14. O-O-O Re8 15. Kb1 Bf8 16. h5 Nde5
17. h6 g6 18. f4 Nxd4 19. Bxd4 Nc4 20. Bxc4 Rxc4 21. Rd3 Qb8 22. b3 Rcc8 23.
Bg7 Be7 24. f5 gxf5 25. exf5 exf5 26. Nd5 Bxd5 27. Rxd5 Rc5 28. Bb2 Rxd5 29.
Qxd5 Bf8 30. g6 {1-0 (30) Areshchenko,A (2682)-Hamitevici,V (2430) Reykjavik
2015}) (13... Nce5 {[%cal Gd7b6]}) ({Or} 13... Na5) 14. axb4 Nxb4 15. Nce2 a5 (
15... d5 {is a machine-type continuation, after which, things remain unclear.}
16. c3 Nc5 17. cxb4 Nxe4 18. Qd1 Bxb4+ 19. Nc3 Nxc3 20. bxc3 Bxc3+ 21. Bd2 Bxa1
22. Qxa1 O-O 23. Rb3 Qc7 24. f4 (24. Qb2 Rb8 {is in black's favor.}) 24... Rb8
25. Bd3 Rfc8 26. Kf2 {And despite black's extra material, the position is much
easier for white.}) 16. c3 Nc6 (16... Na6 {was indeed an alternative.}) 17. Nb5
Nc5 18. Bxc5 dxc5 19. Rd3 Qb6 20. Nd6+ Bxd6 21. Rxd6 O-O {The dust has settled.
Black is far ahead in development and he has a target: the b2 pawn!} 22. f4
Rcd8 23. Rxd8 Rxd8 24. Qc2 c4 $1 {[%csl Gb2][%cal Gb6g1] Opening up the a7-g1
diagonal, fixing b2 pawn and taking away c4 square from White. Moves like this
are like mate in one for Gelfand!} 25. Rd1 Rxd1+ 26. Qxd1 Qxb2 27. Qd7 Kf8 $1 {
Only a player with vast amount of experience , like Gelfand, can keep his
nerve and enter this line.} 28. Qc7 a4 {passed pawns should be pushed!} 29. f5
$2 {Desparate. Kd1 and Nc1 would have held for some times.} (29. Kd1 a3 30. Nc1
a2 31. Nxa2 {is too hasty for black.}) 29... exf5 30. exf5 a3 31. Qd6+ Ke8 32.
Bg2 Qb1+ 33. Kf2 Qxf5+ 34. Ke1 Qb1+ 35. Kf2 Qb6+ 36. Nd4 a2 37. Bxc6+ Bxc6 38.
Qa3 Qc7 $1 {[%cal Gc7h2]} 39. Nxc6 Qf4+ 40. Ke2 Qe4+ 41. Kf2 Qxh4+ 42. Kf3 Qh1+
43. Kf4 Qxc6 44. Qxa2 h6 45. gxh6 Qxh6+ 46. Ke4 Qe6+ 47. Kd4 g5 {A classical
display by Gelfand!} 0-1

[Event "Bermuda"]
[Site "Bermuda"]
[Date "2004.01.23"]
[Round "8"]
[White "Macieja, Bartlomiej"]
[Black "Movsesian, Sergei"]
[Result "0-1"]
[WhiteElo "2653"]
[BlackElo "2639"]
[Annotator "Movsesian,S"]
[PlyCount "118"]
[EventDate "2004.01.15"]
[EventType "tourn"]
[EventRounds "10"]
[EventCountry "BER"]
[EventCategory "16"]
[SourceTitle "CBM 099"]
[Source "ChessBase"]
[SourceDate "2004.03.30"]
[SourceVersion "1"]
[SourceVersionDate "2004.03.30"]
[SourceQuality "1"]

1. e4 {Ftacnik} c5 2. Nf3 d6 3. d4 cxd4 4. Nxd4 Nf6 5. Nc3 e6 6. g4 h6 7. h4
Nc6 8. Rg1 d5 9. exd5 (9. Bb5) 9... Nxd5 10. Nxd5 exd5 11. Be3 Be7 12. g5 hxg5
13. hxg5 Rh4 {'!?' Ftacnik. Ftacnik: 'Unpleasant idea for white as Macieja has
to take care not to expose his pieces even more.'} 14. Bb5 {After this move
the game transposes to the line with 9.Bb5.} ({Macieja was probably not
satisfied with} 14. Qd2 Nxd4 15. Bxd4 Kf8 $5 16. O-O-O Bg4 17. Bxg7+ Kxg7 18.
Qd4+ Kf8 19. Rxg4 Bxg5+ 20. Kb1 Bf6 $11 {Short-Movsesian, Budapest 2003}) 14...
Bd7 15. Bxc6 ({I played this position also with white pieces} 15. Nb3 $5 Qc7
16. Bxc6 bxc6 17. Qe2 c5 $6 18. g6 $1 Qe5 19. O-O-O Bf6 20. c3 Rc8 21. Rge1 $16
{Movsesian-Maksimenko, Kallithea (EuCup)2002}) 15... bxc6 16. g6 $6 {A new
move in this position, but not a very good one, I think. Black gets a nice
square on f6 for the bishop and the white king suddenly finds himself in
trouble...} (16. Qd2 {is more safe}) 16... Bf6 17. gxf7+ Kxf7 18. Qd3 Qa5+ 19.
c3 (19. Ke2 {Ftacnik} Qb4 $15) 19... Rb8 $1 {White has no time to create any
serious threats, his pawns are too vulnerable} 20. b4 {'?' Ftacnik. Ftacnik:
'It was difficult to guess, that this aggressive move is so bad. Suddenly
white king is more naked than his black counterpart and black pieces much
better coordinated.'} (20. Qd2 {Ftacnik} Rbh8 21. a3 $11) 20... Qa3 21. Kd2
Bxd4 $1 {After this white is losing almost by force} (21... Qb2+ $6 {would
give white a chance to survive after} 22. Qc2) 22. Bxd4 Qb2+ 23. Qc2 Rxd4+ 24.
cxd4 Qxd4+ 25. Qd3 Qb2+ 26. Qc2 (26. Ke3 Rxb4 {losses immediately}) 26... Qxb4+
27. Qc3 Qf4+ 28. Ke1 (28. Qe3 Rb2+ 29. Ke1 Qf6 {is also hopeless for white})
28... Re8+ 29. Kf1 Qc4+ $1 {Leading to a won ending} 30. Qxc4 Bh3+ 31. Rg2 dxc4
32. Kg1 Bxg2 33. Kxg2 Re5 34. Rc1 Rc5 35. Kf3 Ke6 36. Ke4 Kd6 37. Kd4 c3 38.
Rc2 g5 39. f3 a5 40. a4 Rf5 41. Rxc3 Rf4+ 42. Ke3 Rxa4 43. Rc1 Rb4 44. Rg1 Rb5
45. Rg4 Rf5 46. Ra4 Kc7 47. Ra1 Kb6 48. Rb1+ Rb5 49. Ra1 Rb3+ 50. Ke2 Rb4 51.
Rg1 Rb5 52. Ra1 Rd5 53. Ke3 c5 54. Rb1+ Kc6 55. Rc1 a4 56. Ra1 Kb5 57. Ke4 Rd4+
58. Ke3 Rb4 59. Kd2 Rb2+ 0-1

[Event "Bucharest"]
[Site "Bucharest"]
[Date "1996.??.??"]
[Round "?"]
[White "Nevednichy, Vladislav"]
[Black "Suba, Mihai"]
[Result "*"]
[WhiteElo "2505"]
[BlackElo "2565"]
[Annotator "Nevednichy,V"]
[PlyCount "35"]
[EventDate "1996.??.??"]
[EventType "tourn"]
[EventRounds "15"]
[EventCountry "ROU"]
[EventCategory "9"]
[SourceTitle "EXT 1999"]
[Source "ChessBase"]
[SourceDate "1998.11.16"]
[SourceVersion "1"]
[SourceVersionDate "1998.11.16"]
[SourceQuality "1"]

1. e4 c5 2. Nf3 d6 3. d4 cxd4 4. Nxd4 Nf6 5. Nc3 a6 6. Be3 e6 7. g4 b5 8. g5
Nfd7 9. a3 Qc7 10. f4 $146 (10. h4) 10... Nc6 $1 (10... Bb7) 11. Nxc6 $5 Qxc6
12. Qd4 e5 $2 (12... h6 $1 $13) 13. Qd2 exf4 14. Bxf4 Ne5 15. O-O-O Be6 16. Nd5
Rc8 17. Kb1 Be7 18. h4 $16 *